ბათუმის შოთა რუსთაველის სახელმწიფო უნივერსიტეტის ბიბლიოთეკა

ფილოსოფიური მოთხრობები. ზადიგი, კანდიდი, ბაბილონის პრინცესა / (ბიბ.ჩანაწერი № 60186)

000 -ლიდერი
ფიქსირებული სიგრძის საკონტროლო ველი 01172nam a22002177a 4500
003 - საკონტროლო ნომრის იდენტიფიკატორი
საკონტროლო ველი Ge_BSU
005 - ბოლო ოპერაციის თარიღი და დრო
საკონტროლო ველი 20230615164123.0
008 - ფიქსირებული სიგრძის მონაცემთა ელემენტები - ზოგადი ინფორმაცია
ფიქსირებული სიგრძის საკონტროლო ველი 230615s1949 ge ||||| |||| 00| 0 geo d
041 ## - ენის კოდი
Language code of text/sound track or separate title geo
080 ## - უნივერსალური ათობითი კლასიფიკაციის ინდექსი
Universal Decimal Classification number 821.133.1-32 ვ-75
100 ## - მთავარი ჩანაწერი - პიროვნების სახელი
Personal name ვოლტერი
9 (RLIN) 18747
245 ## - ცნობა სათაურის შესახებ
Title ფილოსოფიური მოთხრობები. ზადიგი, კანდიდი, ბაბილონის პრინცესა /
Statement of responsibility, etc ვოლტერი ; თარგ. ფრანგულიდან რ. დოდაშვილის და ნ. ქადეიშვილის მიერ.
264 ## - წარმოების, გამოცემის, დისტრიბუციის და სხვა ცნობები
გამოცემის, წარმოების, დისტრიბუციის... ადგილი თბილისი :
გამოცემის, წარმოების, დისტრიბუციის... სახელწოდება სახელგამი,
გამოცემის, წარმოების, დისტრიბუციის... თარიღი 1949.
300 ## - ფიზიკური აღწერა
Extent 328გვ. :
Other physical details ილ. ;
Dimensions 21 სმ.
501 ## - შენიშვნა თანმხლებ მასალაზე
With note დანართი: შენიშვნები, გვ. 283-294.
653 ## - INDEX TERM--UNCONTROLLED
Uncontrolled term ფრანგული პროზა
653 ## - INDEX TERM--UNCONTROLLED
Uncontrolled term თარგმანები ქართულ ენაზე.
700 ## - ADDED ENTRY--PERSONAL NAME
Personal name დოდაშვილი, რ.
Relator term მთარგმნელი
9 (RLIN) 16227
700 ## - ADDED ENTRY--PERSONAL NAME
Personal name ქადეიშვილი, ნ.
Relator term მთარგმნელი
9 (RLIN) 18748
942 ## - ADDED ENTRY ELEMENTS (KOHA)
Source of classification or shelving scheme
Koha item type წიგნი
ეგზემპლარები
ჩამოწერის სტატუსი დაკარგული ეგზემპლარის სტატუსი კლასიფიკაციის წყარო ან თაროზე გაწყობის სქემა დაზიანების სტატუსი არ გაიცემა მუდმივი მდებარეობა (დაცვის ადგილი) ამჟამინდელი ადგილსამყოფელი თაროზე განთავსების ადგილი შეძენის თარიღი ღირებულება, შესყიდვის ნორმალური ფასი სრული შენახვის შიფრი შტრიხკოდი ბოლო ოპერაციის თარიღი ეგზემპლარის მიმდევრობითი ნომერი (კეტერი?) Uniform Resource Identifier ფასის ძალაში შესვლის თარიღი ეგზემპლარის სახეობა საჯარო შენიშვნა
          ბათუმის შოთა რუსთაველის სახელმწიფო უნივერსიტეტის მთავარი ბიბლიოთეკა ბათუმის შოთა რუსთაველის სახელმწიფო უნივერსიტეტის მთავარი ბიბლიოთეკა წიგნსაცავი 2023-06-15 5.00 821.133.1-32 ვ-75 64675 2023-06-15 64675 ბსუ-ს საპატიო დოქტორის გურამ ლორთქიფანიძის საჩუქარი 2023-06-15 წიგნი 5 ლ.